00478nam a22001697a 4500003000600000005001700006008004100023040000800064082001900072100002300091245004500114260003700159300002000196650003100216650001600247650004500263GBCCL20241126110548.0180404b ||||| |||| 00| 0 eng d cgbc a261.83273bMCG aMcGeady, Mary Rose aPlease Help Me, God /cMary Rose McGeady aNew York:bCovenant House,c1997 a127 p.;c17 cm. aCovenant House ( New York) aChild Abuse aAbandoned childrenvCase StudyzNew York